Japanese Hiragana (Lv.1) - Statistics

General Stats
  • This quiz has been taken 242 times
  • The average score is 13 of 15
Answer Stats
Hint Answer % Correct
a
97%
i
96%
e
92%
o
91%
ka
90%
ku
90%
shi
88%
ki
85%
ko
85%
sa
85%
u
85%
se
84%
su
84%
ke
81%
so
81%
No matching quizzes found
Score Distribution
Percent of People with Each Score
Percentile by Number Answered
Your Score History
You have not taken this quiz